Colleges with the Best Greek Life - Statistics

General Stats
  • This quiz has been taken 22 times
  • The average score is 30 of 50
Answer Stats
Greek Rank University % Correct
3 Alabama
90%
43 Florida
90%
16 Ohio
90%
6 Ole Miss
90%
5 Georgia
85%
49 Tennessee
85%
41 Texas
85%
1 Florida State
80%
14 Indiana
80%
29 LSU
80%
24 Michigan
80%
18 South Carolina
80%
27 Virginia
80%
25 Arizona
75%
26 Iowa
75%
34 Missouri
75%
23 Ohio State
75%
47 Penn
75%
4 Wisconsin
75%
38 Arkansas
70%
13 Colorado
70%
10 Illinois
70%
17 Miami (FL)
70%
15 Miami (OH)
70%
9 Penn State
70%
7 USC
70%
45 Kansas
65%
20 Michigan State
65%
40 Texas Tech
65%
46 Pittsburg State
60%
37 SMU
60%
8 Syracuse
60%
48 Umass
60%
35 Rutgers
55%
12 West Virginia
55%
2 Tulane
50%
30 Delaware
45%
28 Washington State
45%
22 James Madison
35%
32 Texas State
35%
36 Lehigh
30%
21 San Diego State
30%
19 Dayton
25%
31 East Carolina
25%
50 Tampa
25%
44 Albany
20%
11 UC Santa Barbara
20%
42 Binghamton
15%
39 CSU Chico
15%
33 DePauw
10%
No matching quizzes found
Score Distribution
Percent of People with Each Score
Percentile by Number Answered
Your Score History
You have not taken this quiz